Pintura Europea en Museos Alemanes (Record no. 9475)

MARC details
000 -CABECERA
campo de control de longitud fija 00802nam a2200253 a 4500
001 - NÚMERO DE CONTROL
campo de control BRL_663
005 - FECHA Y HORA DE LA ÚLTIMA TRANSACCIÓN
campo de control 20190320210836.0
008 - DATOS DE LONGITUD FIJA--INFORMACIÓN GENERAL
campo de control de longitud fija 230913s19uu----gw-o######---#000-0#spa-#
041 ## - CÓDIGO DE LENGUA
Código de lengua del texto/banda sonora o título independiente spa
044 ## - CÓDIGO DEL PAÍS DE LA ENTIDAD EDITORA/PRODUCTORA
Código MARC del país gw
050 #4 - SIGNATURA TOPOGRÁFICA DE LA BIBLIOTECA DEL CONGRESO
Número de clasificación ND1249
Número de documento/Ítem .P56 1900
245 10 - MENCIÓN DE TÍTULO
Título Pintura Europea en Museos Alemanes
Mención de responsabilidad, etc. Editado por Ludwig Grote ; traducción del alemán por Wolfgang Halm y José Moll Marques.
260 ## - PUBLICACIÓN, DISTRIBUCIÓN, ETC.
Lugar de publicación, distribución, etc. Munich
Nombre del editor, distribuidor, etc. Editorial Prestel
Fecha de publicación, distribución, etc. [19--]
300 ## - DESCRIPCIÓN FÍSICA
Extensión v.
Otras características físicas il.
Dimensiones 20 cm.
500 ## - NOTA GENERAL
Nota general v.3 Au730
505 0# - NOTA DE CONTENIDO CON FORMATO
Nota de contenido con formato Contenido: v.3 Maestros del siglo XX
650 14 - PUNTO DE ACCESO ADICIONAL DE MATERIA--TÉRMINO DE MATERIA
Término de materia o nombre geográfico como elemento de entrada Pintura
Subdivisión geográfica Alemania
9 (RLIN) 14348
650 14 - PUNTO DE ACCESO ADICIONAL DE MATERIA--TÉRMINO DE MATERIA
Término de materia o nombre geográfico como elemento de entrada Arte
Subdivisión general Museos
Subdivisión geográfica Alemania
9 (RLIN) 24571
700 1# - PUNTO DE ACCESO ADICIONAL--NOMBRE DE PERSONA
Nombre de persona Grote, Ludwig
Fechas asociadas al nombre 1893-1974
9 (RLIN) 24572
700 1# - PUNTO DE ACCESO ADICIONAL--NOMBRE DE PERSONA
Nombre de persona Halm, Wolfgang
Término indicativo de función/relación tr.
9 (RLIN) 24573
700 1# - PUNTO DE ACCESO ADICIONAL--NOMBRE DE PERSONA
Nombre de persona Moll Marqués, José
Término indicativo de función/relación tr.
9 (RLIN) 24574
902 ## - CATALOGADOR
Iniciales GRL
942 ## - ELEMENTOS DE PUNTO DE ACCESO ADICIONAL (KOHA)
Fuente del sistema de clasificación o colocación Library of Congress Classification
Tipo de ítem Koha Libros
Holdings
Estado de retiro Estado de pérdida Estado dañado No para préstamo Localización permanente Ubicación/localización actual Fecha de adquisición Número de inventario Total de préstamos Signatura topográfica completa Código de barras Fecha visto por última vez Precio válido a partir de Tipo de ítem Koha
El ejemplar forma parte de la colección y puede ser consultado según las políticas vigentes.       Biblioteca Centro de Estudios Ruth D. Lechuga Biblioteca Centro de Estudios Ruth D. Lechuga 23/09/2013 v.3 Au730   ND1249 .P56 1900 (v.3 Au730) GRL00731 22/03/2019 22/03/2019 Libros